| 000 | 00856nam a2200277Ia 4500 | ||
|---|---|---|---|
| 001 | Para_685 | ||
| 003 | CHAP | ||
| 008 | 220125s1997 xx 000 0 und d | ||
| 010 | _a198835 | ||
| 040 | _cCHAP | ||
| 090 | _aPA FOLLETO 3419 | ||
| 100 |
_aBautista Martínez, Nestor _910930 |
||
| 245 |
_aEl minador de la hoja de los citricos : _b Phyllocnistis citrella Stainton Lepidoptera : _b gracillariidae / _c por Nestor Bautista Martínez |
||
| 260 |
_aMontecillo, Méx. : _b Colegio de Postgraduados |
||
| 300 | _a9 p. | ||
| 650 |
_aLepidopteros _966252 |
||
| 650 |
_aPhyllocnistis citrella _987878 |
||
| 710 |
_aColegio de Postgraduados _925064 |
||
| 901 | _aPA FOLLETO 3419 | ||
| 902 | _aA | ||
| 905 | _a0000001997 a 0000000000 00 | ||
| 910 | _a1997 | ||
| 942 | _cPARA | ||
| 942 |
_cPARA _d1 |
||
| 999 |
_c198835 _d198835 |
||